000 00713nam a2200253Ia 4500
003 OSt
005 20220916110853.0
006 a|||||r|||| 00| 0
007 ta
008 220915b |||||||| |||| 00| 0 eng d
024 _a4015
037 _cTextbook
040 _beng
_aARTS
_cARTS
041 _aeng
082 _a144:163:N3, J0 (906)
100 _aRobinson A M Lewin ed
245 0 _aUnion list of South African newspapers November 1949
260 _c1950
490 _aGrey biblographies ed by D H Varley 3
650 _aBIBLIOGRAPHY
700 _a Kilpin Ralph
942 _h144:163:N3, J0 (906)
_cTB
_2CC
999 _c99922
_d99922